The Socratic dialogues (Record no. 70622)

MARC details
000 -LEADER
fixed length control field 00610nam a2200217Ia 4500
008 - FIXED-LENGTH DATA ELEMENTS--GENERAL INFORMATION
fixed length control field 191130s2009##################000#0#eng##
020 ## - INTERNATIONAL STANDARD BOOK NUMBER
ISBN 9781427799531
082 ## - DEWEY DECIMAL CLASSIFICATION NUMBER
Classification number 184 PLA
100 ## - MAIN ENTRY--AUTHOR NAME
Personal name Plato
245 ## - TITLE STATEMENT
Title The Socratic dialogues
Statement of responsibility, etc Plato ; foreword by Morris Kaplan ; translation by Benjamin Jowett
260 ## - PUBLICATION, DISTRIBUTION, ETC. (IMPRINT)
Place of publication New York
Name of publisher Kaplan Pub
Year of publication c2009
300 ## - PHYSICAL DESCRIPTION
Number of Pages xiii, 205 p. ; 21 cm
650 ## - SUBJECT ADDED ENTRY--TOPICAL TERM
Topical Term Philosophy
700 ## - ADDED ENTRY--PERSONAL NAME
Personal name Jowett, Benjamin
Personal name Kaplan, Morris
991 ## -
-- 288420
Holdings
Withdrawn status Lost status Damaged status Not for loan Home library Current library Shelving location Date acquired Full call number Accession Number Price effective from Koha item type
        Anna Centenary Library Anna Centenary Library 3RD FLOOR, A WING 09.10.2020 184 PLA 457107 09.10.2020 English Books

Find us on the map